000 00761nam a2200253 a 4500
001 61660
003 BD-RjUL
005 20211209081005.0
008 170121r19641961njua b 001 0 eng d
035 _a(BD-RjUL)61784
040 _aDLC
_cDLC
_dDLC
_dBD-RjUL
_beng
041 _aeng
082 0 0 _a551.8
_bBIS 1964
_223
100 1 _aBillings, Marland Pratt,
_d1902-
_934947
245 0 0 _aStructural geology /
_c[by] Marland P. Billings.
250 _aModern Asia ed.
260 _aEnglewood Cliffs, N.J. :
_bPrentice-Hall,
_c1961 [Printing 1964]
300 _axv, 514 p. :
_bill. ;
_c24 cm.
350 _a$15.95
504 _aIncludes bibliographical references.
650 0 _aGeology, Structural.
_934948
942 _2ddc
_cBK
_05
999 _c61660
_d61660